FORMER NFL TEAMS QUIZ - SUDDEN DEATH - Statistics

General Stats
  • This quiz has been taken 340 times
    302 since last reset
  • The average score is 5 of 8
Answers on the Grid
Answers color-coded by a green-red scale on the quiz's grid according to % correct below.
Maryland Marines
Canton Bulldogs
Buffalo Bears
Baltimore Colts
Philadelphia Falcons
Houston Oilers
Green Bay Badgers
Washington Redskins
St. Louis Cardinals
Missouri Yellow Jackets
Dayton Maroons
Boston Patriots
Cleveland Reds
Chicago Cardinals
Detroit Pistons
Portsmouth Spartans
 
Answer Stats
Answer % Correct
Houston Oilers
84%
Washington Redskins
84%
Baltimore Colts
81%
St. Louis Cardinals
59%
Chicago Cardinals
53%
Boston Patriots
50%
Canton Bulldogs
43%
Portsmouth Spartans
27%
No matching quizzes found
Score Distribution
Percent of People with Each Score
Percentile by Number Answered
Your Score History
You have not taken this quiz since the last reset